Guía práctica para enseñar español a extranjeros
Kaydedildi:
| Yazar: | |
|---|---|
| Materyal Türü: | Kitap |
| Dil: | Undetermined |
| Baskı/Yayın Bilgisi: |
San José, Costa Rica
E.N. de Gallardo
1995
|
| Konular: | |
| Etiketler: |
Etiketle
Etiket eklenmemiş, İlk siz ekleyin!
|
MARC
| LEADER | 00000nam a2200000Ia 4500 | ||
|---|---|---|---|
| 008 | 170316s9999 xx 000 0 und d | ||
| 090 | |a 415-E G-9g | ||
| 100 | |a Gallardo, Edelma N. de | ||
| 245 | |a Guía práctica para enseñar español a extranjeros | ||
| 260 | |a San José, Costa Rica | ||
| 260 | |b E.N. de Gallardo | ||
| 260 | |c 1995 | ||
| 300 | |a 120 páginas | ||
| 650 | |a GRAMÁTICA ESPAÑOLA | ||
| 999 | |c 18982 |d 18982 | ||
| 040 | |a cru BVZT | ||
| 942 | |c 15 D |h 415-E G-9g |2 z | ||
